000 00668nam a2200181Ia 4500
008 100920s9999 xx 000 0 und d
082 _b73519
_a200 थ 69
100 _aमराठे द. श्री.
245 _aकथारुप भावार्थ रामायण.
260 _bवसुधा पब्लिकेशन्स, मुंबई.
_c1969
300 _a468
_bसाधी
365 _b25
520 _aधार्मिक.
630 _aकथारुप भावार्थ रामायण.
650 _aधार्मिक.
730 _aकथारुप भावार्थ रामायण.
942 _cBOOK
999 _c715181
_d715178